Urbanismo y humanismo /
Colección:
San Jorge,
; núm. 5 (gener 1952), pàg. 5-8
Idioma:
Español
MARC
| LEADER | 00000naa a2200000 a 4500 | ||
|---|---|---|---|
| 003 | Arxiu | ||
| 005 | 20260324181032.0 | ||
| 008 | 160829s1952 spc xx s spa c | ||
| 040 | |a agdb | ||
| 110 | 1 | |9 54218 |a Barcelona (Catalunya : Província). |b President (1949-1967 : Buxó de Abaigar) | |
| 245 | 1 | 0 | |a Urbanismo y humanismo / |c por Joaquín Buxó de Abaigar, marqués de Castell-Florite |
| 490 | |a San Jorge, |v núm. 5 (gener 1952), pàg. 5-8 | ||
| 500 | |a Conferencia pronunciada en el Aula Maga de la Universidad de Barcelona con motivo del Día Mundial del Urbanismo | ||
| 590 | |a Es el text de la conferència pronunciada a l'Aula Magna de la Universitat de Barcelona en motiu al Dia Mundial del Urbanisme. | ||
| 650 | |a Urbanisme |9 30914 | ||
| 650 | 0 | |a Urbanisme |9 27098 |2 Arxiu |x Congressos | |
| 773 | |t San Jorge. |g Núm. 5 (gener 1952), pàg. 5-8 | ||
| 901 | |a Arxiu | ||
| 942 | |n 1 |2 udc |c ART | ||
| 952 | |0 0 |1 0 |4 0 |6 REV508 |7 1 |9 64598 |a Arxiu |b Arxiu |d 2022-12-02 |l 0 |o Rev-508 |r 2022-12-02 00:00:00 |w 2022-12-02 |y ARXIU |z També disponible a Rev-521 | ||
| 999 | |c 47892 |d 47892 | ||